000
00206nam a22000977a 4500
003
OSt
008
210116b ||||| |||| 00| 0 eng d
100
_a
Vikraman
_9
4881
245
_a
Phalithakudukka
942
_c
BK
999
_c
16614
_d
16614